Koltsovo International Airport Destinations (Yekaterinburg, Russia) - Statistics

General Stats
  • This quiz has been taken 24 times
    13 since last reset
  • The average score is 56 of 94
Answer Stats
Airline Destination % Correct
Air Arabia Abu Dhabi
100%
Red Wings Airlines Almaty
100%
Qazaq Air/Red Wings Airlines Astana
100%
Azerbaijan Airlines/Ural Airlines Baku
100%
Ural Airlines Dubai (Al Maktoum)
100%
flydubai Dubai (International)
100%
Pobeda/Rossiya Airlines/Smartavia/Ural Airlines/Yakutia Airlines Saint Petersburg
100%
Ural Airlines/Uzbekistan Airlines Tashkent
100%
Ural Airlines Vladivostok
100%
Aeroflot/FlyOne Armenia/Red Wings Airlines/Ural Airlines Yerevan
100%
Southwind Airlines Antalya
92%
Ural Airlines Bishkek
92%
Somon Air/Ural Airlines Dushanbe
92%
S7 Airlines/Ural Airlines Irkutsk
92%
Ural Airlines Moscow (Domodedovo)
92%
Aeroflot/Pobeda/Smartavia Moscow (Sheremetyevo)
92%
Pobeda Moscow (Vnukovo)
92%
Red Wings Airlines Moscow (Zhukovsky)
92%
AlMasria Universal Airlines/Azur Air/Ural Airlines Sharm El Sheikh
92%
Red Wings Airlines Tbilisi
92%
Ural Airlines Beijing (Daxing)
85%
Azur Air/Rossiya Airlines/Ural Airlines Hurghada
85%
Aeroflot/Red Wings Airlines/Ural Airlines Istanbul
85%
Red Wings Airlines Kazan
85%
Rossiya Airlines/Ural Airlines Krasnoyarsk (International)
85%
Aeroflot/Azur Air/Ikar/Red Wings Airlines Phuket
85%
Aeroflot/Ikar/Nordwind Airlines/Pobeda/Smartavia/Ural Airlines Sochi
85%
Red Wings Airlines/Utair Ufa
85%
Belavia Minsk
77%
Red Wings Airlines Omsk
77%
Red Wings Airlines/Utair Samara
77%
Air Arabia/Ural Airlines Sharjah
77%
NordStar Volgograd
77%
Red Wings Airlines Astrakhan
69%
Aeroflot Bangkok (Suvarnabhumi)
69%
Red Wings Airlines Bukhara
69%
Ural Airlines Chita
69%
Red Wings Airlines Nizhny Novgorod
69%
Utair Tyumen
69%
Red Wings Airlines Batumi
62%
Red Wings Airlines Makhachkala
62%
S7 Airlines/UVT Aero/Yamal Airlines Novosibirsk
62%
Red Wings Airlines Saratov
62%
Red Wings Airlines/RusLine Tomsk
62%
Red Wings Airlines Ulan-Ude
62%
Red Wings Airlines Ulyanovsk (Baratayevka)
62%
Red Wings Airlines Barnaul
54%
Azur Air Goa (Dobalim)
54%
Aeroflot Goa (Mopa)
54%
Izhavia Izhevsk
54%
Ural Airlines Kaliningrad
54%
Red Wings Airlines Kemerovo
54%
Ural Airlines Khabarovsk
54%
Ural Airlines Mineralnye Vody
54%
NordStar Norilsk
54%
Red Wings Airlines Orenburg
54%
Red Wings Airlines Stavropol
54%
Red Wings Airlines/Utair Surgut
54%
Ural Airlines/Uzbekistan Airlines Namangan
46%
Red Wings Airlines/RusLine/Utair Nizhnevartovsk
46%
Red Wings Airlines Novokuznetsk
46%
Avia Traffic Company/Ural Airlines Osh
46%
Sunday Airlines Phu Quoc
46%
Yamal Airlines Salekhard
46%
Ural Airlines Samarqand
46%
RusLine Syktyvkar
46%
Ural Airlines Yuzhno-Sakhalinsk
46%
Red Wings Airlines Abakan
38%
Ural Airlines Khujand
38%
Gaspromavia/Red Wings Airlines/Yamal Airlines Novy Urengoy
38%
Azur Air Pattaya
38%
Rossiya Airlines Penza
38%
Severstal Air/Ural Airlines Petrozavodsk
38%
Red Wings Airlines Vladikavkaz
38%
Ural Airlines Blagoveshchensk
31%
Severstal Air Cherepovets
31%
Red Wings Airlines Elista
31%
Red Wings Airlines Hambantota (Mattala)
31%
Ural Airlines Harbin
31%
Red Wings Airlines Nizhnekamsk
31%
UVT Aero Tobolsk
31%
Red Wings Airlines Gorno-Altaysk
23%
Utair Khanty-Mansiysk
23%
Gaspromavia/Yamal Airlines Nadym
23%
RusLine Naryan-Mar
23%
Utair Nyagan
23%
Aeroflot/Ural Airlines Sanya
23%
Red Wings Airlines Saransk
23%
Utair Uray
23%
Gazpromavia/RusLine Beloyarskiy
15%
UVT Aero Kaluga
15%
Yamal Airlines Noyabrsk
15%
Sunday Airlines Sihanoukville
15%
Utair Sovetsky
15%
No matching quizzes found
Score Distribution
Percent of People with Each Score
Percentile by Number Answered
Your Score History
You have not taken this quiz since the last reset